01242 a2200157 45000010006000000050017000060080041000230030015000640400040000790800022001192450067001412640028002083000019002365050806002551000023010614780020260407155744.0260407a1971 arg spa dAR-UNSa-BCEJYS aAR-UNSa-BCEJYSbspacAR-UNSa-BCEJYS a316xSociología10aLa comprensión de los medios como las extensiones del hombre 1aMéxico :bDianac1971 a443 p.c21 cm. aParte I: 1. El medio es el mensaje - 2. Medios cálidos y fríos - 3. Inversión sobre el medio sobrecalentado - 4. El enamorado de los dispositivos - 5. Energía híbrida - 6. Los medios en tanto que traductores - 7. Reto y derrumbe -- Parte II: 8. La palabra hablada - 9. La palabra escrita - 10. Caminos y rutas de papel - 11. El número - 12. El vestido - 13. La vivienda - 14. El dinero - 15. El reloj - 16. Lo impreso - 17. Las historietas - 18. La palabra impresa - 19. La rueda, la bicicleta y el aeroplano - 20. La fotografía - 21. La prensa - 22. El automóvil - 23. Anuncios - 24. Los juegos - 25. El telégrafo - 26. La máquina de escribir - 27. El teléfono - 28. El fonógrafo - 29. El cine - 30. La radio - 31. La televisión - 32. Las armas - 33. La automatización.1 aMc Luhan, Marshall